000 00501nam a2200205Ia 4500
003 OSt
005 20221007082232.0
006 a|||||r|||| 00| 0
007 ta
008 221006b |||||||| |||| 00| 0 eng d
024 _a22,524
037 _cReference Collections
040 _aFLL
_cFLL
_beng
041 _2eng
_aeng
082 _aZ:4
245 0 _aPrinciples of the law of torts
300 _axxxxii,833p
_ccm.
942 _hZ:4
_cREF
_2CC
999 _c1165768
_d1165768